Principios de administración financiera (Registro nro. 3712)

Detalles MARC
000 -CABECERA
Longitud fija campo de control 01043nam a2200277 b 4500
001 - NÚMERO DE CONTROL
Número de control 00000000275005
003 - IDENTIFICADOR DELl NÚMERO DE CONTROL
Identificador del número de control OSt
005 - FECHA Y HORA DE LA ÚLTIMA TRANSACCIÓN
Fecha y hora de la última transacción 20141114213002.0
008 - CÓDIGOS DE INFORMACIÓN DE LONGITUD FIJA
Códigos de información de longitud fija 080205s2007 mex spa
020 ## - NÚMERO INTERNACIONAL NORMALIZADO PARA LIBROS
Número Internacional Normalizado para Libros (ISBN) 978-970-26-1014-4
040 ## - FUENTE DE LA CATALOGACIÓN
Centro catalogador de origen BR-TO
Centro transcriptor BMC
082 ## - NÚMERO DE LA CLASIFICACIÓN DECIMAL DEWEY
Númeroo de clasificación 658.15
100 1# - PUNTO DE ACCESO PRINCIPAL-NOMBRE DE PERSONA
Nombre de persona Gitman, Lawrence J.
245 10 - MENCIÓN DE TÍTULO
Título Principios de administración financiera
Mención de responsabilidad, etc. Lawrence J. Gitman ; traducción, Miguel Angel Sánchez Carrión ; revisión técnica, Arturo Morales Castro, José Antonio Morales Castro, Sergio Contreras
250 ## - MENCIÓN DE EDICIÓN
Mención de edición 11ª ed
260 ## - PUBLICACIÓN, DISTRIBUCIÓN, ETC. (PIE DE IMPRENTA)
Lugar de publicación, distribución, etc. Naucalpan de Juárez (México) [etc.]
Nombre del editor, distribuidor, etc. Pearson Educación
Fecha de publicación, distribución, etc. 2007
300 ## - DESCRIPCIÓN FÍSICA
Extensión XXXVII, 580, [71] p.
Otras características físicas il., gráf.
Dimensiones 26 cm
500 ## - NOTA GENERAL
Nota general Incluye índices
594 ## - NOTA AL TÍTULO Y MENCIÓN DE RESPONSABIBLIDAD
Nota Al Título Y Mención De Responsabilidad Traducido de: Principles of managerial finance brief, 4th ed.
650 24 - PUNTO DE ACCESO ADICIONAL DE MATERIA - TÉRMINO DE MATERIA
Término de materia o nombre geográfico como elemento inicial Empresas
Subdivisión de materia general Finanzas
9 (RLIN) 5713
700 1# - PUNTO DE ACCESO ADICIONAL - NOMBRE DE PERSONA
Nombre de persona Morales Castro, Arturo
9 (RLIN) 6159
700 1# - PUNTO DE ACCESO ADICIONAL - NOMBRE DE PERSONA
9 (RLIN) 8510
Nombre de persona Contreras, Sergio
700 1# - PUNTO DE ACCESO ADICIONAL - NOMBRE DE PERSONA
9 (RLIN) 8511
Nombre de persona Morales Castro, José Antonio
700 1# - PUNTO DE ACCESO ADICIONAL - NOMBRE DE PERSONA
9 (RLIN) 6141
Nombre de persona Sánchez Carrión, Miguel Ángel
942 ## - ENTRADA DE ELEMENTOS AGREGADOS (KOHA)
Fuente de clasificaión o esquema Dewey Decimal Classification
Koha [por defecto] tipo de item 1- Monografias
Existencias
Suprimido Perdido Fuente de clasificación o esquema Estropeado Restricciones de uso No para préstamo Código de colección Localización permanente Localización actual Localización en estanter&íacute;as Fecha adquisición Fuente de adquisición Número de inventario Préstamos totales Renovaciones totales Signatura completa Código de barras Fecha última consulta Fecha último préstamo Coste, precio reemplazado Fecha del precio de reemplazo Tipo de item de Koha Prestado
NULL NULL Dewey Decimal Classification NULL Prestable NULL NULL Biblioteca Centro Regional de Ilobasco Biblioteca Centro Regional de Ilobasco Sala Principal 15/02/2023 Donado por Biblioteca Miguel de Cervantes LI005621     658.15 GIT pri 1050235 20/02/2023     20/02/2023 1- Monografias  
NULL NULL Dewey Decimal Classification NULL Prestable NULL NULL Biblioteca Miguel de Cervantes - UNICAES Biblioteca Miguel de Cervantes - UNICAES Sala Principal 06/11/2009 Donación - Facultad de Ciencias Empresariales 006141 13 3 658.15 GIT pri 1006141 12/03/2019 12/03/2019 63.31 04/11/2013 1- Monografias  
NULL NULL Dewey Decimal Classification NULL Prestable NULL NULL Biblioteca Miguel de Cervantes - UNICAES Biblioteca Miguel de Cervantes - UNICAES Sala Principal 14/09/2011 Donación - Facultad de Ciencias Empresariales 006142 21 4 658.15 GIT pri 1006142 07/11/2019 05/11/2019 63.31 04/11/2013 1- Monografias  
NULL NULL Dewey Decimal Classification NULL Prestable NULL NULL Biblioteca Miguel de Cervantes - UNICAES Biblioteca Miguel de Cervantes - UNICAES Sala Principal 06/11/2009 Donación - Facultad de Ciencias Empresariales 006143 21 7 658.15 GIT pri 1006143 19/11/2019 14/11/2019 63.31 04/11/2013 1- Monografias  
NULL NULL Dewey Decimal Classification NULL Prestable NULL NULL Biblioteca Miguel de Cervantes - UNICAES Biblioteca Miguel de Cervantes - UNICAES Sala Principal 14/09/2011 Donación - Facultad de Ciencias Empresariales 006461 29 5 658.15 GIT pri 1006461 21/11/2019 19/11/2019 63.31 07/11/2013 1- Monografias  
NULL NULL Dewey Decimal Classification NULL Prestable NULL NULL Biblioteca Miguel de Cervantes - UNICAES Biblioteca Miguel de Cervantes - UNICAES Sala Principal 07/11/2013 Donación - Facultad de Ciencias Empresariales 006462 8   658.15 GIT pri 1006462 06/11/2019 04/11/2019 63.31 07/11/2013 1- Monografias  
NULL NULL Dewey Decimal Classification NULL Prestable NULL NULL Biblioteca Miguel de Cervantes - UNICAES Biblioteca Miguel de Cervantes - UNICAES Sala Principal 06/11/2009 Donación - Facultad de Ciencias Empresariales 006463 17   658.15 GIT pri 1006463 06/11/2019 06/11/2019 63.31 07/11/2013 1- Monografias 08/11/2019